000 00273nam a2200109Ia 4500
008 190216s9999||||xx |||||||||||||| ||und||
100 _aNull
245 0 _aArithmatic Algebra-Part 1
260 _bNational Council Of Educational Research
_c1968
300 _a157
942 _cBK
999 _c30473
_d30473